|
|
|
|
| LEADER |
00000nam a2200000 a 4500 |
| 001 |
UCM6671 |
| 003 |
CL-VaPUC |
| 008 |
021122e19950300CL |||||||||||||||||spa|d |
| 082 |
0 |
4 |
|a 983.0644
|b CAR
|2 21
|
| 100 |
0 |
|
|a Carrasco Delgado, Sergio
|e author
|9 472445
|
| 245 |
1 |
0 |
|a Cartas del Presidente Jorge Alessandri con los Embajadores en la Santa Sede: 1959-1964
|
| 300 |
|
|
|a 146 p
|
| 942 |
|
|
|c BK
|
| 945 |
|
|
|d 20021122 00:00:00
|a vberengu
|
| 260 |
|
|
|a Santiago
|b Pehuén
|c 1995
|
| 600 |
0 |
7 |
|a ALESSANDRI RODRIGUEZ, JORGE
|2 CL-VaPUC
|9 359956
|
| 650 |
|
0 |
|a Correspondencia
|9 258963
|
| 650 |
|
7 |
|a HISTORIA DE CHILE 1959-1964
|2 CL-VaPUC
|9 472446
|
| 583 |
|
|
|a last modification
|c 20021122 00:00:00
|k Rodrigo Vera
|
| 999 |
|
|
|c 301906
|d 301904
|
| 952 |
|
|
|0 0
|1 0
|4 0
|6 983_064400000000000_CAR_1995
|7 0
|8 DER_HDC
|9 361710
|a BIBDER
|b BIBDER
|d 2019-11-21
|i 3847349
|l 1
|o 983.0644 CAR 1995
|p 3847349
|r 2023-01-25
|s 2020-03-19
|w 2019-11-21
|x Ubicación 4to Piso
|y BK
|z Estos recursos deben solicitarse con anticipación
|k DER
|